00475nam a2200157Ia 4500008004100000020001000041040001900051041001200070082002700082100002500109245006000134260003800194300002500232504005000257850001000307131103s9999 xx 000 0 und d aRs.42 aLoreto College aEnglish a891.2/BYRbLCLIB/22855 aByrski,M.Christopher aConcept of ancient Indian TheatrecM.Christopher Byrski aDelhibMunshiram Munoharlalc1974 axvi,207 p. c 22 cm. aIncludes bibliographical References and index aLCLIB